Zpráva Evropské komise o pokroku, jehož na cestě k přistoupení dosáhly jednotlivé kandidátské země

Hodnotiaca správa Európskej komisie o vývoji a priebehu transformácie ekonomík kandidátskych krajín.

Salvato in:
Dettagli Bibliografici
Autore principale: Rybková, Milena
Altri autori: Herdová, Lucie, Nosek, Michal
Natura: Capitolo di libro
Lingua:ceco
Soggetti:
Tags: Aggiungi Tag
Nessun Tag, puoi essere il primo ad aggiungerne!!

MARC

LEADER 00000naa a2200000 4500
001 r043732
005 20231004065751.8
041 0 |a cze 
044 |a CZ 
245 1 0 |a Zpráva Evropské komise o pokroku, jehož na cestě k přistoupení dosáhly jednotlivé kandidátské země  |c Milena Rybková, Lucie Herdová, Michal Nosek 
520 |a Hodnotiaca správa Európskej komisie o vývoji a priebehu transformácie ekonomík kandidátskych krajín. 
610 2 0 |a spolupráca hospodárska medzinárodná 
610 2 0 |a Európska únia 
610 2 0 |a SVE 
610 2 0 |a dokumenty 
610 2 0 |a vývoj hospodársky 
100 1 |a Rybková, Milena 
700 1 |a Herdová, Lucie 
700 1 |a Nosek, Michal